Mathematics teacher (Record no. 38483)
[ view plain ]
| 000 -LEADER | |
|---|---|
| fixed length control field | 00394nam a2200157Ia 4500 |
| 022 ## - INTERNATIONAL STANDARD SERIAL NUMBER | |
| ISSN | 00255769 |
| 050 ## - CALL MARK | |
| Classification number | QA 11 .M38/ |
| 245 #0 - TITLE STATEMENT | |
| Title | Mathematics teacher |
| 260 ## - PUBLICATION, DISTRIBUTION, ETC. (IMPRINT) | |
| Name of publisher | CFA Institute |
| 260 ## - PUBLICATION, DISTRIBUTION, ETC. (IMPRINT) | |
| Year of publication | 2009 |
| 300 ## - PHYSICAL DESCRIPTION | |
| Number of Pages | v. , ill. , portraits 23-29 cm. |
| 650 ## - SUBJECT ADDED ENTRY--TOPICAL TERM | |
| Topical Term | Mathematics teachers--periodicals |
| 942 ## - ADDED ENTRY ELEMENTS (KOHA) | |
| Koha item type | Serials |
No items available.